Statistiken für Alle Minderheiten Moldawiens

Klicken Sie hier um das Quiz zu spielen!

Allgemein

  • Dieses Quiz wurde 34 mal gespielt
  • Das Durchschnittsergebnis liegt bei 13 aus 16

Antwortstatistiken

BevölkerungLand% Korrekt
5,953Russland
100%
1,037Rumänien
96%
6,834Ukraine
96%
123Deutschland
87%
1,292Türkei
87%
220Kasachstan
83%
309Weißrussland
83%
229Armenien
78%
458Aserbaidschan
78%
110Georgien
78%
507USA
78%
327Usbekistan
78%
535Italien
74%
134Syrien
70%
520Indien
61%
1,929Israel
35%

Verteilung der Resultate

Perzentil nach korrekt beantworteten Fragen

Anzahl Personen mit jedem Resultat

Ihre Resultats-Entwicklung

Sie haben dieses Quiz noch nicht gespielt